1654 1844 1065 1645 1858 1821 1769 1745 1501 1107 1194 1624 1887 1160 1582 1322 1631 1151 1892 1349 1867 1258 1531 1705 1361 1107 1499 1893 1950 1513 1686 1767 1000 1012 1714 1641 1531 1216 1903 1093 1734 1821 1932 1620 1766 1413 1968 1768 1097 1860 1141 1393 1400 1734 1531 1567 1027 1499 1100 1842 1251 1317 1435 1186 1866 1345 1547 1678 1347 1250 1238 1143 1204 1226 1761 1170 1323 1230 1573 1290 1462 1444 1372 1958 1534 1598 1024 1039 1383 1534 1334 1156 1192 1414 1802 1203 1339 1274 1771 BCNSPRNW ULIB Ver.6.0+V

เปลี่ยนเป็นภาษาไทย

Change to English
 แสดงรายละเอียดบรรณานุกรม
  กลับหน้าหลัก

Brief Record : Get Marc (ISO 2709) : E-mail record : QR code < ปิดหน้าต่าง
LEADER : 00000nam 2200000uu 4500
001    13399123147
003     ULIB
008    140403s2547||||th 000 0 tha d
090    วพ.WY105^bฉ179ค
100 0  ฉฎาธา ปรานมนตรี
245 00 ความสัมพันธ์ระหว่างความสมารถในการบริหารคุณภาพทั้งองค์กรของหัวหน้าหอผู้ป่วยความสามารถในการทำงานของพยาบาลประจำการกับประสิทธิภาพของหอผู้ป่วยตามการรับรู้ของพยาบาลประจำการ โรงพยบาลศูนย์
260    กรุงเทพฯ :^bจุฬาลงกรณ์มหาวิทยาลัย,^c2547
945    ^p0^l0^i018230
999    ^aเกษร โพธิ์สุวรรณ
รายการนี้ยังไม่มีแท็ก
คุณยังไม่ได้ล็อกอิน คุณสามารถมีกิจกรรมร่วมกับเว็บไซต์ได้ แต่ต้องล็อกอินก่อน ::
  ล็อกอิน

รายการสื่อสารสนเทศ

ลำดับที่ ประเภท เลขเรียก/บาร์โค้ด สถานที่ สถานะ
1. วิทยานิพนธ์
วิทยานิพนธ์
วพ.WY105 ฉ179ค  
  Barcode: 018230
ห้องสมุดวิทยาเขตสวรรค์ประชารักษ์
► วิทยานิพนธ์
บนชั้น

BibComment


ยังไม่เคยถูกคอมเมนท์

คอมเมนท์ทรัพยากรรายการนี้
  คอมเมนท์: ความสัมพันธ์ระหว่..


 Copyright 2026. Bcnsprnw @Library